[Event "Rated Blitz game"]
[Site "?"]
[Date "2021.11.28"]
[Round "?"]
[White "SC_9ferzej"]
[Black "Veysi13"]
[Result "1-0"]
[WhiteElo "2478"]
[BlackElo "2360"]
[PlyCount "93"]
[EventDate "2021.??.??"]
[EventType "blitz"]

1. e4 e5 2. Nf3 d5 3. d3 Nc6 4. c3 Nf6 5. Nbd2 dxe4 6. dxe4 h6 7. Bb5 Bd6 8.
Nc4 a6 9. Bxc6+ bxc6 10. Qa4 Bd7 11. Ncxe5 c5 12. Nxd7 Qxd7 13. Qxd7+ Nxd7 14.
Be3 O-O 15. O-O-O Rfe8 16. Nd2 Ne5 17. f3 a5 18. Kc2 c4 19. f4 Ng4 20. Nxc4
Rxe4 21. Bd4 Bxf4 22. h3 Ne5 23. Bxe5 Rxc4 24. Bd4 Rc6 25. Rhe1 Rg6 26. Re2 Bd6
27. Rf1 Re6 28. Rxe6 fxe6 29. b3 e5 30. Be3 Rf8 31. Rxf8+ Kxf8 32. Kd3 Kf7 33.
Ke4 Ke6 34. a4 h5 35. Bd2 c5 36. Bg5 Bc7 37. Bh4 Bd6 38. Bd8 g6 39. Bxa5 g5 40.
g4 hxg4 41. hxg4 Be7 42. Bc7 Bf6 43. a5 Kd7 44. Bxe5 Be7 45. Kd5 Kc8 46. Kc6
Bd8 47. a6 {Normal} 1-0

[Event "Rated Blitz game"]
[Site "?"]
[Date "2021.11.28"]
[Round "?"]
[White "Cel1ic"]
[Black "RoadToFM-L"]
[Result "0-1"]
[WhiteElo "2562"]
[BlackElo "2566"]
[PlyCount "90"]
[EventDate "2021.??.??"]
[EventType "blitz"]

1. e4 e5 2. Nf3 d5 3. d4 dxe4 4. Nxe5 Bd6 5. Nc4 Nf6 6. Nxd6+ cxd6 7. Nc3 O-O
8. Be3 Re8 9. Be2 d5 10. h3 h6 11. Qd2 Nc6 12. O-O-O Be6 13. Kb1 Rc8 14. f3 a6
15. fxe4 b5 16. e5 b4 17. exf6 bxc3 18. Qxc3 Qxf6 19. Rhf1 Qg6 20. Bxa6 Bf5 21.
Bxc8 Rxc8 22. g4 Be4 23. Rd2 Na7 24. Qb3 Qa6 25. Rdf2 Nb5 26. Rxf7 Bxc2+ 27.
Qxc2 Rxc2 28. Kxc2 Nd6 29. R7f3 Qxa2 30. Bd2 Qa4+ 31. Kd3 Ne4 32. Bc3 Qc4+ 33.
Kc2 Qe2+ 34. Kb1 Qc4 35. h4 Qe2 36. g5 hxg5 37. hxg5 Nxg5 38. R3f2 Qd3+ 39. Ka2
Ne4 40. Rf8+ Kh7 41. Rg1 Qc4+ 42. Kb1 Nxc3+ 43. bxc3 Qb3+ 44. Kc1 Qa3+ 45. Kd2
Qxf8 {Normal} 0-1

[Event "Rated Blitz game"]
[Site "?"]
[Date "2021.11.28"]
[Round "?"]
[White "Thoschi"]
[Black "Lorian2514"]
[Result "1-0"]
[WhiteElo "2464"]
[BlackElo "2576"]
[PlyCount "46"]
[EventDate "2021.??.??"]
[EventType "blitz"]

1. e4 e5 2. Nf3 d5 3. exd5 e4 4. Qe2 Qe7 5. Nd4 Qe5 6. Nb3 f5 7. Nc3 Nf6 8. d3
Nbd7 9. dxe4 fxe4 10. Be3 Bb4 11. Bd4 Qxd5 12. O-O-O Qg5+ 13. Kb1 c5 14. Nxe4
Nxe4 15. Qxe4+ Qe7 16. Qxe7+ Kxe7 17. Bxg7 Rg8 18. Bh6 c4 19. Bxc4 Rxg2 20. a3
Rg6 21. Bf4 Rg4 22. Rd4 Rxf4 23. Rxf4 b5 {Normal} 1-0

[Event "Rated Blitz tournament xBbLx9nz"]
[Site "?"]
[Date "2021.11.28"]
[Round "?"]
[White "COVID24"]
[Black "Razario90"]
[Result "1-0"]
[WhiteElo "2433"]
[BlackElo "2377"]
[PlyCount "95"]
[EventDate "2021.??.??"]
[EventType "blitz"]

1. e4 e5 2. Nf3 d5 3. Nxe5 Bd6 4. d4 dxe4 5. Nc4 Be7 6. Be2 Nf6 7. O-O O-O 8.
f3 Nc6 9. Be3 Nd5 10. Bf2 f5 11. c3 Kh8 12. Kh1 Bg5 13. fxe4 fxe4 14. Ne5 Nxe5
15. dxe5 Be6 16. Na3 Nf4 17. Be3 Nxe2 18. Qxe2 Bxe3 19. Rxf8+ Qxf8 20. Qxe3 Qf5
21. Re1 Rd8 22. h3 Qxe5 23. Qxe4 Qxe4 24. Rxe4 Rd6 25. Nb5 Rb6 26. Nxc7 Bg8 27.
Re8 h6 28. Nd5 Rxb2 29. Ne7 Rxa2 30. Rxg8+ Kh7 31. Rb8 Rc2 32. Rxb7 a5 33. Nf5
Rxc3 34. Rxg7+ Kh8 35. Ra7 Rc5 36. Nxh6 Rb5 37. Kh2 Rc5 38. Ng4 Rb5 39. Ne3 Rc5
40. Kg3 Rb5 41. Kf3 Rc5 42. g4 Rb5 43. h4 Rc5 44. g5 Rb5 45. Kf4 Rc5 46. h5 Rb5
47. g6 Rb7 48. Rxb7 {Normal} 1-0

[Event "Rated Blitz game"]
[Site "?"]
[Date "2021.11.28"]
[Round "?"]
[White "Brenjos"]
[Black "Roberto_Baggio1978"]
[Result "1-0"]
[WhiteElo "2599"]
[BlackElo "2587"]
[PlyCount "61"]
[EventDate "2021.??.??"]
[EventType "blitz"]

1. e4 e5 2. Nf3 d5 3. exd5 e4 4. Qe2 Nf6 5. Nc3 Be7 6. Ng5 O-O 7. Ngxe4 Re8 8.
d3 Nxd5 9. Bd2 f5 10. Nxd5 Qxd5 11. Nc3 Qf7 12. O-O-O b5 13. Qf3 b4 14. Nd5 c6
15. Nxe7+ Qxe7 16. Re1 Be6 17. d4 Nd7 18. Bc4 Qf7 19. Rxe6 Rxe6 20. Bxb4 Rb8
21. Bc3 Nb6 22. Bxe6 Qxe6 23. Re1 Qxa2 24. Qxc6 h6 25. Qe6+ Qxe6 26. Rxe6 Na4
27. Re5 Nxc3 28. bxc3 g6 29. Re7 a5 30. Ra7 Re8 31. Kd2 {Normal} 1-0

[Event "Rated Blitz game"]
[Site "?"]
[Date "2021.11.28"]
[Round "?"]
[White "gaichess"]
[Black "hulkkkkk"]
[Result "0-1"]
[WhiteElo "2455"]
[BlackElo "2472"]
[PlyCount "36"]
[EventDate "2021.??.??"]
[EventType "blitz"]

1. e4 e5 2. Nf3 d5 3. exd5 e4 4. Qe2 Nf6 5. d3 Qxd5 6. Nfd2 Bf5 7. Nc3 Qe6 8.
Ndxe4 Be7 9. Nxf6+ Qxf6 10. Qf3 Nc6 11. Nd5 Qe5+ 12. Kd1 Bd6 13. Bf4 Qxb2 14.
Bxd6 Qxa1+ 15. Kd2 cxd6 16. Nc7+ Kd8 17. Nxa8 Be6 18. Qg3 Kd7 {Normal} 0-1

[Event "Rated Blitz tournament Whdl4RHn"]
[Site "?"]
[Date "2021.11.28"]
[Round "?"]
[White "rasulovvugar"]
[Black "om_gendut"]
[Result "1/2-1/2"]
[WhiteElo "2835"]
[BlackElo "2403"]
[PlyCount "63"]
[EventDate "2021.??.??"]
[EventType "blitz"]

1. e4 e5 2. Nf3 d5 3. exd5 e4 4. Qe2 Be7 5. Qxe4 Nf6 6. Qa4+ Nbd7 7. Qb3 O-O 8.
Nc3 Nb6 9. Bc4 a5 10. a4 Bb4 11. d3 Nfxd5 12. O-O Nxc4 13. Qxc4 c6 14. Bg5 Be7
15. Bxe7 Nxe7 16. Rae1 Nd5 17. Nxd5 cxd5 18. Qd4 Be6 19. Re3 Rc8 20. c3 Qd7 21.
h4 h6 22. Ne5 Qc7 23. Rg3 f6 24. Ng6 Rf7 25. Nf4 Qd7 26. Re1 Bf5 27. Nxd5 Kh8
28. c4 Be6 29. Qe4 Bxd5 30. cxd5 Rd8 31. Qe6 Qxd5 32. Qb6 {Normal} 1/2-1/2

[Event "Rated Blitz game"]
[Site "?"]
[Date "2021.11.28"]
[Round "?"]
[White "sheldem"]
[Black "rofaidah"]
[Result "1-0"]
[WhiteElo "2448"]
[BlackElo "2447"]
[PlyCount "79"]
[EventDate "2021.??.??"]
[EventType "blitz"]

1. e4 e5 2. Nf3 d5 3. Nc3 dxe4 4. Nxe4 f5 5. Nc3 e4 6. Ng1 Be6 7. d3 Nf6 8. Be2
Bb4 9. Bd2 O-O 10. Nxe4 Nxe4 11. Bxb4 Nd6 12. Nf3 Nc6 13. Bc3 f4 14. Qd2 Bg4
15. O-O-O a5 16. Ne5 Bxe2 17. Nxc6 bxc6 18. Qxe2 Nb5 19. Qe6+ Kh8 20. Qxc6 Nxc3
21. Qxc3 Qd5 22. Kb1 Rab8 23. Rhe1 a4 24. Re7 Rg8 25. f3 a3 26. Qxa3 Ra8 27.
Qb3 Qa5 28. Rde1 h6 29. a3 Rgb8 30. R1e5 Qd2 31. Rb5 Re8 32. Rxe8+ Rxe8 33. Rb8
Rxb8 34. Qxb8+ Kh7 35. Qxc7 h5 36. a4 Kh6 37. a5 Qd1+ 38. Ka2 g5 39. a6 Qxc2
40. Qxc2 {Normal} 1-0

[Event "Rated Blitz tournament GzuHuViu"]
[Site "?"]
[Date "2021.11.28"]
[Round "?"]
[White "mete21"]
[Black "Schachelite"]
[Result "1-0"]
[WhiteElo "2280"]
[BlackElo "2526"]
[PlyCount "31"]
[EventDate "2021.??.??"]
[EventType "blitz"]

1. e4 e5 2. Nf3 d5 3. Nc3 dxe4 4. Nxe4 f5 5. Ng3 Bd6 6. d4 e4 7. Bg5 Nf6 8. Ne5
Nbd7 9. Nxf5 Nxe5 10. dxe5 Bb4+ 11. c3 Qxd1+ 12. Rxd1 Bxf5 13. exf6 gxf6 14.
Bxf6 O-O 15. Bc4+ Rf7 16. cxb4 {Normal} 1-0

[Event "Rated Blitz game"]
[Site "?"]
[Date "2021.11.28"]
[Round "?"]
[White "gameover2003"]
[Black "Engvangchess"]
[Result "1-0"]
[WhiteElo "2559"]
[BlackElo "2391"]
[PlyCount "57"]
[EventDate "2021.??.??"]
[EventType "blitz"]

1. e4 e5 2. Nf3 d5 3. exd5 Bd6 4. Nc3 Nf6 5. d3 O-O 6. Be2 h6 7. O-O Bf5 8. Nd2
Nbd7 9. Nde4 Nb6 10. Bf3 Nfxd5 11. Nxd5 Nxd5 12. c4 Nb4 13. a3 Nc6 14. b4 Be7
15. Bb2 f6 16. Ng3 Bg6 17. b5 Na5 18. Bc3 c6 19. Bxa5 Qxa5 20. bxc6 bxc6 21.
Bxc6 Rab8 22. Qf3 Kh7 23. h4 Rb3 24. Rfd1 Rxa3 25. Rxa3 Qxa3 26. h5 Bf7 27.
Be4+ Kh8 28. Qg4 Qa6 29. Nf5 {Normal} 1-0

[Event "Rated Blitz game"]
[Site "?"]
[Date "2021.11.28"]
[Round "?"]
[White "Axmedov_Azamat"]
[Black "mirekkk14"]
[Result "1-0"]
[WhiteElo "2515"]
[BlackElo "2412"]
[PlyCount "137"]
[EventDate "2021.??.??"]
[EventType "blitz"]

1. e4 e5 2. Nf3 d5 3. exd5 e4 4. Ng1 Nf6 5. d3 Qxd5 6. dxe4 Qxd1+ 7. Kxd1 Nxe4
8. Ke1 Nc6 9. f3 Nf6 10. Bb5 Bd7 11. Nc3 O-O-O 12. Be3 Bb4 13. a3 Bxc3+ 14.
bxc3 Rhe8 15. Kf2 Nd5 16. Bd2 a6 17. Bc4 Be6 18. Bd3 Ne5 19. Ne2 g6 20. Rhe1 f5
21. Nd4 Bf7 22. Rab1 c5 23. Nb3 c4 24. Rxe5 Rxe5 25. Bxc4 b5 26. Bd3 Nb6 27.
Bg5 Rd7 28. Bf4 Red5 29. Na5 Na4 30. Bd2 Rc7 31. c4 bxc4 32. Nxc4 Rxc4 33. Bxc4
Rxd2+ 34. Ke3 Rd7 35. Bxa6+ Kc7 36. Bb5 Re7+ 37. Kf2 Nc3 38. Rb4 Nxb5 39. Rxb5
Rd7 40. Ke3 Kc6 41. Rb4 Re7+ 42. Kd2 Kc5 43. Rh4 Bc4 44. Kc3 Ba6 45. Ra4 Kb6
46. Rb4+ Ka7 47. a4 Re2 48. Rh4 h5 49. g4 fxg4 50. fxg4 hxg4 51. Rxg4 Re6 52.
h4 Rc6+ 53. Kb4 Bc8 54. c4 Bd7 55. Rg5 Rf6 56. Ra5+ Kb7 57. Rg5 Bc6 58. a5 Ka6
59. Rc5 Bb7 60. Rg5 Ka7 61. h5 Ka6 62. hxg6 Rf8 63. g7 Rg8 64. Rg6+ Bc6 65. Kc5
Kb7 66. Rxc6 Kb8 67. Rb6+ Ka7 68. Rg6 Rc8+ 69. Kb4 {Time forfeit} 1-0

[Event "Rated Blitz tournament qrZ7TcV0"]
[Site "?"]
[Date "2021.11.28"]
[Round "?"]
[White "raskolnikov001"]
[Black "Korshun_2022"]
[Result "0-1"]
[WhiteElo "2322"]
[BlackElo "2414"]
[PlyCount "94"]
[EventDate "2021.??.??"]
[EventType "blitz"]

1. e4 e5 2. Nf3 d5 3. d4 dxe4 4. Nxe5 Bd6 5. Nc4 Nf6 6. Nc3 O-O 7. Bg5 Be7 8.
Be2 Nc6 9. d5 Nxd5 10. Bxe7 Ncxe7 11. Nxe4 Be6 12. Bd3 Nf4 13. O-O Qd4 14. Ne3
Rad8 15. Qf3 Nxd3 16. cxd3 Qxd3 17. Nc5 Qg6 18. Qxb7 Nd5 19. Nxe6 fxe6 20. Nxd5
Rxd5 21. Qxc7 Rg5 22. g3 h5 23. Rad1 Kh7 24. Rd8 Rf3 25. Qb8 Qf7 26. Rh8+ Kg6
27. Rc8 h4 28. Rc4 hxg3 29. hxg3 Rgxg3+ 30. Qxg3+ Rxg3+ 31. fxg3 Qb7 32. b3 Qa6
33. Kg2 Qxa2+ 34. Rf2 Qxb3 35. Rg4+ Kh6 36. Rf1 Qd5+ 37. Kf2 Qd2+ 38. Kf3 g5
39. Rh1+ Kg6 40. Re4 Qd3+ 41. Re3 Qd5+ 42. Re4 g4+ 43. Ke3 Qb3+ 44. Kf4 Qf3+
45. Ke5 Qxh1 46. Rxg4+ Kf7 47. Rf4+ Ke7 {Normal} 0-1

[Event "Rated Blitz tournament qrZ7TcV0"]
[Site "?"]
[Date "2021.11.28"]
[Round "?"]
[White "VadimCernov"]
[Black "Korshun_2022"]
[Result "1-0"]
[WhiteElo "2699"]
[BlackElo "2423"]
[PlyCount "67"]
[EventDate "2021.??.??"]
[EventType "blitz"]

1. e4 e5 2. Nf3 d5 3. Nxe5 Bd6 4. d4 dxe4 5. Bc4 Bxe5 6. Qh5 Qe7 7. Qxe5 Qxe5
8. dxe5 Ne7 9. Nc3 O-O 10. Be3 Bf5 11. O-O-O Nbc6 12. h3 Nxe5 13. Bb3 c6 14. g4
Bg6 15. Bd4 Nd7 16. Bxg7 Kxg7 17. Rxd7 Kf6 18. g5+ Kxg5 19. Rxe7 b6 20. Nxe4+
Kf4 21. Nd6 f5 22. Rd1 Kf3 23. Rd2 Kg2 24. h4 Rh8 25. Be6 Raf8 26. Bf7 f4 27.
h5 Bxf7 28. Rxf7 f3 29. Rxa7 Rf6 30. Rg7+ Kf1 31. Ne4 Rf4 32. Rd1+ Ke2 33. Rgg1
Rxe4 34. Rd2# {Normal} 1-0

[Event "Rated Blitz game"]
[Site "?"]
[Date "2021.11.28"]
[Round "?"]
[White "Chessfunblast"]
[Black "Gaganjani"]
[Result "1-0"]
[WhiteElo "2410"]
[BlackElo "2381"]
[PlyCount "113"]
[EventDate "2021.??.??"]
[EventType "blitz"]

1. e4 e5 2. Nf3 d5 3. exd5 e4 4. Qe2 Nf6 5. Nc3 Qe7 6. Nd4 Bg4 7. Qe3 Nbd7 8.
Be2 O-O-O 9. O-O Nb6 10. Bxg4+ Nxg4 11. Qxe4 Qxe4 12. Nxe4 Nxd5 13. d3 Nb4 14.
c3 Nxd3 15. h3 Nge5 16. Be3 Nc4 17. b3 Nxe3 18. fxe3 f6 19. Rad1 Ne5 20. Nf5
Re8 21. g4 Nxg4 22. hxg4 Rxe4 23. Rf4 Rxf4 24. exf4 g6 25. Ng3 Bc5+ 26. Kg2 Rd8
27. Rxd8+ Kxd8 28. Kf3 Ke7 29. f5 Bd6 30. Ne4 Be5 31. c4 b6 32. Ke3 gxf5 33.
gxf5 h5 34. Kf3 Kd7 35. Kg2 Ke7 36. Kh3 c6 37. Kh4 b5 38. Kxh5 bxc4 39. bxc4
Kf7 40. Kh6 Bf4+ 41. Kh5 Be3 42. Kg4 Bd4 43. a4 Ke7 44. Kh5 Kf7 45. Kg4 Ke7 46.
Kf3 Kd7 47. Ke2 Kc7 48. Kd3 c5 49. Nd2 Kb6 50. Nb3 Be5 51. Ke4 Kc6 52. Nd2 Kb6
53. Kd5 Ka5 54. Kxc5 Kxa4 55. Nf3 a5 56. Nxe5 fxe5 57. f6 {Normal} 1-0

[Event "Rated Blitz game"]
[Site "?"]
[Date "2021.11.28"]
[Round "?"]
[White "Mysterious_PR"]
[Black "oJHuNYx"]
[Result "0-1"]
[WhiteElo "2407"]
[BlackElo "2419"]
[PlyCount "28"]
[EventDate "2021.??.??"]
[EventType "blitz"]

1. e4 e5 2. Nf3 d5 3. exd5 e4 4. Qe2 Nf6 5. d3 Qxd5 6. Nbd2 Be6 7. dxe4 Qd7 8.
Nb3 Nc6 9. Bd2 O-O-O 10. O-O-O Bg4 11. h3 Bh5 12. Bc3 Qxd1+ 13. Qxd1 Rxd1+ 14.
Kxd1 Nxe4 {Normal} 0-1

[Event "Rated Blitz tournament dxt5zkd2"]
[Site "?"]
[Date "2021.11.28"]
[Round "?"]
[White "kasparicy"]
[Black "Maltinho"]
[Result "0-1"]
[WhiteElo "2377"]
[BlackElo "2663"]
[PlyCount "96"]
[EventDate "2021.??.??"]
[EventType "blitz"]

1. e4 e5 2. Nf3 d5 3. exd5 Bd6 4. d4 e4 5. Ne5 Nf6 6. Nc3 O-O 7. Be2 Re8 8. Bf4
Nbd7 9. Nxd7 Bxf4 10. Nxf6+ Qxf6 11. O-O Qh6 12. g3 Bg5 13. f4 exf3 14. Bxf3
Be3+ 15. Kh1 Bh3 16. Bg2 Bd7 17. Qd3 g6 18. Rae1 Bd2 19. Rxe8+ Rxe8 20. Ne4 Bg5
21. Qf3 Re7 22. Nf6+ Kg7 23. Nxd7 Rxd7 24. c3 Bd8 25. Re1 Re7 26. Rxe7 Bxe7 27.
h3 Qc1+ 28. Kh2 Qxb2 29. Qe4 Bd6 30. c4 b6 31. a4 Qc3 32. Qf3 Qxc4 33. h4 Qxd4
34. Kh3 Qxa4 35. h5 Qd7+ 36. Kh2 Qe7 37. Kh3 Qg5 38. hxg6 hxg6 39. Bf1 a5 40.
Bb5 Qf5+ 41. Qxf5 gxf5 42. Kg2 Kf6 43. Kf3 Ke5 44. Bc6 Kd4 45. g4 fxg4+ 46.
Kxg4 f6 47. Kf5 Be5 48. Ke6 Kc5 {Normal} 0-1

[Event "Rated Blitz game"]
[Site "?"]
[Date "2021.11.28"]
[Round "?"]
[White "wallie666"]
[Black "Annali-annaliew1979"]
[Result "1/2-1/2"]
[WhiteElo "2509"]
[BlackElo "2462"]
[PlyCount "158"]
[EventDate "2021.??.??"]
[EventType "blitz"]

1. e4 e5 2. Nf3 d5 3. Nxe5 Qe7 4. d4 f6 5. Ng4 Nc6 6. Ne3 Qxe4 7. c3 Nge7 8.
Bd3 Qh4 9. O-O Bd7 10. Nd2 O-O-O 11. Nf3 Qh5 12. b4 g5 13. b5 Na5 14. Ba3 Ng6
15. Bxf8 Rhxf8 16. Nxd5 Be6 17. Ne3 Nf4 18. Ne1 Qf7 19. Qa4 b6 20. Rc1 Kb8 21.
N3c2 Bd5 22. Nb4 Bb7 23. Nc6+ Bxc6 24. bxc6 Rfe8 25. Rb1 Rxe1 26. Rfxe1 Nxd3
27. Qxa5 Qc4 28. Re7 Qxc6 29. Qf5 Qxc3 30. Re3 Qc2 31. Qxd3 Qxd3 32. Rxd3 c5
33. Rbd1 c4 34. Rf3 Rd6 35. a4 a6 36. Rf5 Kb7 37. Kf1 Kc6 38. Ke2 b5 39. Ke3 h5
40. axb5+ axb5 41. f4 Re6+ 42. Kf3 Re4 43. fxg5 fxg5 44. Rxg5 Re7 45. Rxh5 Kb6
46. Rb1 c3 47. Rhxb5+ Kc6 48. Rc5+ Kd6 49. Rxc3 Rf7+ 50. Ke4 Re7+ 51. Kd3 Rg7
52. Rg1 Rg4 53. h3 Rg3+ 54. Kc2 Rg5 55. g4 Ra5 56. h4 Kd5 57. Kd3 Ra7 58. g5
Rf7 59. g6 Rf3+ 60. Kc2 Rf2+ 61. Kb3 Kxd4 62. g7 Rf7 63. g8=Q Rb7+ 64. Kc2 Re7
65. Qc4+ Ke5 66. Qc5+ Ke6 67. Qxe7+ Kxe7 68. Re1+ Kf6 69. Rf3+ Kg6 70. Rg1+ Kh5
71. Rg5+ Kxh4 72. Rf8 Kxg5 73. Kd3 Kg6 74. Ke4 Kg7 75. Rf1 Kg6 76. Ke5 Kg5 77.
Rg1+ Kh4 78. Kf4 Kh5 79. Rg8 Kh6 {Time forfeit} 1/2-1/2

[Event "Rated Blitz tournament qrZ7TcV0"]
[Site "?"]
[Date "2021.11.28"]
[Round "?"]
[White "stambul65"]
[Black "Toledanomad"]
[Result "1-0"]
[WhiteElo "2472"]
[BlackElo "2406"]
[PlyCount "41"]
[EventDate "2021.??.??"]
[EventType "blitz"]

1. e4 e5 2. Nf3 d5 3. d4 dxe4 4. Nxe5 Bd6 5. Nc4 Nf6 6. Nc3 O-O 7. Bg5 Re8 8.
Qd2 a6 9. O-O-O b6 10. Be2 Bb7 11. Nxd6 Qxd6 12. Qf4 Nc6 13. Qxd6 cxd6 14. Bxf6
gxf6 15. Nd5 Kg7 16. Nc7 Nb4 17. Nxa8 Bxa8 18. a3 Nd5 19. Bxa6 Nf4 20. g3 Nd5
21. Rhe1 {Normal} 1-0

[Event "Rated Blitz game"]
[Site "?"]
[Date "2021.11.28"]
[Round "?"]
[White "laurens97"]
[Black "Annali-annaliew1979"]
[Result "1/2-1/2"]
[WhiteElo "2554"]
[BlackElo "2467"]
[PlyCount "99"]
[EventDate "2021.??.??"]
[EventType "blitz"]

1. e4 e5 2. Nf3 d5 3. Nc3 dxe4 4. Nxe5 f5 5. d4 Nf6 6. Bc4 Nc6 7. Nxc6 bxc6 8.
O-O Bd6 9. f3 Qe7 10. fxe4 fxe4 11. Bg5 Be6 12. Bxf6 gxf6 13. Qe2 f5 14. Rxf5
Bxf5 15. Rf1 Bg6 16. d5 c5 17. Bb5+ Kd8 18. Bc6 Rb8 19. Nb5 a6 20. Na7 Qe5 21.
g3 Qd4+ 22. Kg2 e3 23. c3 Qd3 24. Qxd3 Bxd3 25. Rf7 Rxb2+ 26. Kh3 Rb6 27. Rd7+
Ke8 28. Rxh7+ Rxc6 29. Rxh8+ Ke7 30. Nxc6+ Kf7 31. Kg2 c4 32. Ra8 Be4+ 33. Kf1
Bxd5 34. Ke2 Bxc6 35. Ra7 Bb5 36. a3 Bxa3 37. h4 Bd6 38. g4 Kg6 39. Ra8 Bg3 40.
Rg8+ Kf7 41. Rc8 Bxh4 42. Rxc7+ Kg6 43. Kxe3 Kg5 44. Kd4 Kxg4 45. Kc5 Bg3 46.
Rb7 Bf2+ 47. Kb4 Be1 48. Rxb5 axb5 49. Kxb5 Bxc3 50. Kxc4 {Normal} 1/2-1/2

[Event "Rated Blitz game"]
[Site "?"]
[Date "2021.11.28"]
[Round "?"]
[White "SweetChinMusic_04"]
[Black "Annali-annaliew1979"]
[Result "1-0"]
[WhiteElo "2493"]
[BlackElo "2469"]
[PlyCount "141"]
[EventDate "2021.??.??"]
[EventType "blitz"]

1. e4 e5 2. Nf3 d5 3. exd5 e4 4. Nd4 c5 5. Nb3 f5 6. d3 Nf6 7. Nc3 a6 8. Bg5
Be7 9. Bxf6 Bxf6 10. dxe4 Bxc3+ 11. bxc3 O-O 12. e5 Nd7 13. f4 Re8 14. Be2 Qh4+
15. g3 Qh3 16. Bf1 Qh6 17. h4 Nxe5 18. fxe5 Rxe5+ 19. Be2 Qe3 20. Qd3 c4 21.
Qxe3 Rxe3 22. Kd2 Rxg3 23. Bxc4 b5 24. Be2 Bb7 25. Rhg1 Rh3 26. c4 Rd8 27. Nc5
Ba8 28. Ne6 Rd7 29. Rab1 Rxh4 30. a4 g6 31. axb5 axb5 32. Rxb5 Kf7 33. Rb8 Bxd5
34. Ng5+ Kf6 35. cxd5 Rxd5+ 36. Bd3 h6 37. Nf3 Rf4 38. Rb6+ Ke7 39. Ne1 g5 40.
Rxh6 g4 41. Ng2 Rf2+ 42. Ke3 Rf3+ 43. Kd2 Rf2+ 44. Kc3 Rc5+ 45. Kd4 Ra5 46. Ne3
Rf4+ 47. Kc3 Rf3 48. Nc4 Rc5 49. Re1+ Kf7 50. Kd4 Kg7 51. Kxc5 Kxh6 52. Nd6 Kg5
53. Nxf5 Kf4 54. Kd4 Rf2 55. c4 Rd2 56. c5 g3 57. Nxg3 Kxg3 58. c6 Rf2 59. c7
Rf8 60. Rc1 Rc8 61. Ba6 Ra8 62. Bb7 Ra4+ 63. Rc4 Ra5 64. c8=Q Rg5 65. Rc5 Rg4+
66. Kc3 Rf4 67. Rg5+ Kf2 68. Rf5 Rf3+ 69. Rxf3+ Ke1 70. Qe6+ Kd1 71. Rf1# {
Normal} 1-0

[Event "Rated Blitz game"]
[Site "?"]
[Date "2021.11.28"]
[Round "?"]
[White "aaatchoum"]
[Black "rofaidah"]
[Result "0-1"]
[WhiteElo "2414"]
[BlackElo "2421"]
[PlyCount "112"]
[EventDate "2021.??.??"]
[EventType "blitz"]

1. e4 e5 2. Nf3 d5 3. exd5 e4 4. Qe2 Nf6 5. d3 Bf5 6. Nh4 Bg6 7. Nxg6 hxg6 8.
dxe4 Bd6 9. a3 O-O 10. Nc3 Be5 11. Qf3 Bxc3+ 12. bxc3 Nxe4 13. Bd3 Nf6 14. c4
Re8+ 15. Be3 c6 16. O-O cxd5 17. Rfd1 d4 18. Bg5 Nc6 19. Rab1 Qe7 20. h4 Rad8
21. h5 gxh5 22. Bxf6 Qxf6 23. Qxh5 g6 24. Qh3 Re7 25. Re1 Rde8 26. Rxe7 Rxe7
27. Qc8+ Kg7 28. Kf1 b6 29. a4 Ne5 30. c5 Qh4 31. Qh3 Qxh3 32. gxh3 bxc5 33.
Be2 c4 34. f4 d3 35. fxe5 dxe2+ 36. Kxe2 Rxe5+ 37. Kf3 c3 38. Rb3 Rc5 39. Ke4
Rc4+ 40. Kd5 Rxa4 41. Rxc3 f5 42. Rc7+ Kf6 43. c4 f4 44. Ke4 g5 45. Rc6+ Kg7
46. Kf5 f3 47. Rc7+ Kh6 48. Ke4 f2 49. Rf7 Ra2 50. c5 Rc2 51. Kd3 Rxc5 52. Rxf2
a5 53. Kd4 Rb5 54. Ra2 Rb4+ 55. Ke3 a4 56. Kf3 Rb3+ {Time forfeit} 0-1

[Event "Rated Blitz game"]
[Site "?"]
[Date "2021.11.28"]
[Round "?"]
[White "bendibosr"]
[Black "Annali-annaliew1979"]
[Result "0-1"]
[WhiteElo "2324"]
[BlackElo "2447"]
[PlyCount "44"]
[EventDate "2021.??.??"]
[EventType "blitz"]

1. e4 e5 2. Nf3 d5 3. d4 dxe4 4. Nxe5 Bd6 5. Nc4 Nf6 6. Bg5 O-O 7. Ne3 Nc6 8.
c3 Re8 9. Be2 h6 10. Bh4 Be7 11. Nd2 Nd5 12. Bxe7 Ncxe7 13. O-O f5 14. Kh1 Nf4
15. f3 Nxe2 16. Qxe2 f4 17. Ng4 e3 18. Ne4 Nf5 19. g3 fxg3 20. Nxg3 Nxg3+ 21.
hxg3 Qg5 22. f4 Qxg4 {Normal} 0-1

[Event "Rated Blitz game"]
[Site "?"]
[Date "2021.11.28"]
[Round "?"]
[White "VladimirKruglikov"]
[Black "rofaidah"]
[Result "1-0"]
[WhiteElo "2418"]
[BlackElo "2427"]
[PlyCount "49"]
[EventDate "2021.??.??"]
[EventType "blitz"]

1. e4 e5 2. Nf3 d5 3. d4 dxe4 4. Nxe5 Be6 5. Nc3 Nf6 6. Bg5 Be7 7. Bxf6 gxf6 8.
Nc4 f5 9. d5 Bd7 10. Qh5 Bf6 11. Be2 Qe7 12. O-O O-O 13. d6 cxd6 14. Nd5 Qe6
15. Nc7 Qe7 16. Nxa8 Na6 17. Rad1 Be5 18. Nxe5 dxe5 19. Bxa6 bxa6 20. Nc7 Kh8
21. Nd5 Qe6 22. Nf6 Qxf6 23. Rxd7 f4 24. Rfd1 Rg8 25. Rxf7 {Normal} 1-0

[Event "Rated Blitz game"]
[Site "?"]
[Date "2021.11.28"]
[Round "?"]
[White "emiliooo"]
[Black "Lorian2514"]
[Result "1-0"]
[WhiteElo "2640"]
[BlackElo "2544"]
[PlyCount "87"]
[EventDate "2021.??.??"]
[EventType "blitz"]

1. e4 e5 2. Nf3 d5 3. Nxe5 Bd6 4. d4 dxe4 5. Nc4 Nc6 6. Nc3 Nf6 7. Bg5 Bf5 8.
Qd2 h6 9. Bxf6 Qxf6 10. O-O-O O-O-O 11. d5 Ne5 12. Nxd6+ Rxd6 13. Qe3 Qg5 14.
Nb5 Rb6 15. Nxa7+ Kb8 16. Nb5 Ng4 17. Qxg5 hxg5 18. Rd2 Nxh2 19. Nd4 Bd7 20. f3
exf3 21. Nxf3 Rbh6 22. Nxg5 Nxf1 23. Rxf1 Rh1 24. Rxh1 Rxh1+ 25. Rd1 Rh2 26.
Nxf7 Rxg2 27. Ne5 Bf5 28. Rd2 Rg1+ 29. Rd1 Rg2 30. Nd3 Kc8 31. Nb4 Kd7 32. Rf1
g6 33. a4 Rg4 34. c3 Rg2 35. Rd1 Kd6 36. Rd2 Rg1+ 37. Rd1 Rg2 38. a5 Kc5 39. a6
bxa6 40. Nxa6+ Kc4 41. Rd4+ Kb5 42. Nxc7+ Kc5 43. Na6+ Kd6 44. Nb4 {Time
forfeit} 1-0

[Event "Rated Blitz game"]
[Site "?"]
[Date "2021.11.28"]
[Round "?"]
[White "AAponte"]
[Black "Lasker-on-speed"]
[Result "0-1"]
[WhiteElo "2439"]
[BlackElo "2403"]
[PlyCount "116"]
[EventDate "2021.??.??"]
[EventType "blitz"]

1. e4 e5 2. Nf3 d5 3. exd5 Bd6 4. d4 e4 5. Ne5 Nf6 6. Bb5+ c6 7. dxc6 bxc6 8.
Nxc6 Qb6 9. Nc3 Nxc6 10. d5 O-O 11. Bxc6 Bg4 12. Qd2 Rab8 13. O-O Qc7 14. h3
Bf5 15. Nb5 Rxb5 16. Bxb5 Qe7 17. Qd4 Rb8 18. a4 a6 19. Bxa6 Rb4 20. Bc4 Bc5
21. Qc3 Nd7 22. a5 Qh4 23. a6 e3 24. Bxe3 Rxc4 25. Qxc4 Qxc4 26. Bxc5 Qxc5 27.
a7 Nb6 28. a8=Q+ Nxa8 29. Rxa8+ Bc8 30. d6 Qc6 31. Rb8 g6 32. b4 Kg7 33. b5 Qd7
34. c4 Bb7 35. c5 Qxb5 36. Rd1 Qc6 37. f3 Qxc5+ 38. Kh1 Bc6 39. Rc8 Qb6 40. d7
Bxd7 41. Rxd7 Qb1+ 42. Kh2 Qf5 43. Rc4 Qe5+ 44. f4 Qe6 45. Rdc7 h5 46. R7c6 Qe3
47. h4 Qe2 48. R6c5 Qg4 49. g3 Qe2+ 50. Kh3 Qe3 51. Kg2 Qe2+ 52. Kg1 Qe1+ 53.
Kg2 Qd2+ 54. Kh3 Qd3 55. Re5 Qd2 56. Re3 Qd1 57. Kh2 Qd2+ 58. Kg1 Qd3 {Time
forfeit} 0-1

[Event "Rated Blitz game"]
[Site "?"]
[Date "2021.11.28"]
[Round "?"]
[White "samip1816"]
[Black "Ngaardiit2022"]
[Result "1-0"]
[WhiteElo "2480"]
[BlackElo "2314"]
[PlyCount "51"]
[EventDate "2021.??.??"]
[EventType "blitz"]

1. e4 e5 2. Nf3 d5 3. exd5 f6 4. d4 e4 5. Qe2 Qxd5 6. Nc3 Qd8 7. Nxe4 Be7 8.
Be3 Nc6 9. O-O-O Bg4 10. h3 Bxf3 11. Qxf3 Qd7 12. Nc5 Qc8 13. Bb5 Bxc5 14.
Bxc6+ bxc6 15. Qxc6+ Kf7 16. dxc5 Ne7 17. Rd7 Re8 18. Qxc7 Qa6 19. Kb1 Rab8 20.
Rxe7+ Rxe7 21. Qxb8 Rb7 22. Qd6 Qb5 23. Qd5+ Kg6 24. Qd3+ f5 25. Qxb5 Rxb5 26.
c6 {Normal} 1-0